00649 2200241 4500001002100000005001500021035002500036008004100061041000800102082000800110090000800118100001900126245009800145250002700243260003000270300005300300650001300353020000600366084001400372520000600386856000600392990000900398INLIS00000000000851020241017015353 a0010-051300000008510241017 e 0 ind  aind a920 a920 aSagimun, Mulus1 aMengenal Pahlawan - Pahlawan nasional Kita 6 : Robert Wolter Mongisidi :b- /cSagimun, Mulus aEdisi : 6; Cetakan : 1 aJakarta :bBharata,c1975 a79 hlm. ;21 cm. :bilustrasi ;c14.5 X 21 CMe- 4aPahlawan a- a920 SAG m a- a- a9906